000 00742cam a22002533a 4500
001 20033
003 PGUSA
005 20140828083426.0
008 061205s2006||||xxu|||||s|||||000 1 eng d
040 _aPGUSA
_beng
042 _adc
050 4 _aPS
100 1 _aRice, Alice Caldwell Hegan,
_d1870-1942
245 1 0 _aQuin
_h[electronic resource] /
_cAlice Caldwell Hegan Rice
260 _bProject Gutenberg,
_c2006
506 _aPublic domain in the USA.
516 _aElectronic text
653 _aCourtship -- Fiction
653 _aActors and actresses -- Fiction
653 _aWorld War, 1914-1918 -- Veterans -- Fiction
830 0 _aProject Gutenberg
_v20033
856 4 0 _uhttp://www.gutenberg.org/ebooks/20033
942 _cEB
999 _c249288
_d249288